000 03134cam a22005054i 4500
003 PE-LiUPU
005 20250731172905.0
008 170124s2016 miu rb 001 0 eng d
020 _a0802873502
020 _a9780802873507
035 _a(Sirsi) a166412
040 _aPE-LiUPU
_bspa
_cPE-LiUPU
_erda
049 _aPRUA
082 0 4 _a231.765
_bO5
_223
245 0 0 _aOn earth as it is in heaven :
_bcultivating a contemporary theology of creation /
_cedited by David Vincent Meconi, SJ.
264 1 _aGrand Rapids, Michigan :
_bEerdmans Publishing Company,
_c2016.
300 _avi, 326 páginas ;
_c23 centimetros.
336 _atext
_2rdacontent
337 _aunmediated
_2rdamedia
338 _avolume
_2rdacarrier
490 1 _aCatholic theological formation series
504 _aBibliografía : páginas 314.
504 _aÍndices: páginas 315-326.
505 0 _aThe beauty of centipedes and toads / Robert Louis Wilken -- The place of faith in the geography of hope / Christopher J. Thompson -- The teleological grammar of the created order in Catholic moral discourse / Steven A. Long -- Kingship and kinship: opposing or complementary ways of envisaging our relationship to material creation? / Marie George -- "Be fruitful and multiply, and fill the earth": was this and is this a good idea? / Matthew Levering -- Bonaventure of Bagnoregio's imitatio Christi as an agapistic virtue ethics / Dawn M. Nothwehr, OSF -- Restoring land stewardship through household prudence / John A. Cuddeback -- Flourishing and suffering in social creatures / Faith Pawl -- Unfinished creative business: Maximus the Confessor, evolutionary theodicy and human stewardship in creation / Paul M. Blowers -- Knowing our place: poverty and providence / Christopher A. Franks -- Nature and the common good: Aristotle and Maritain on the environment / Jonathan J. Sanford -- Knowing the good of nature: St. Augustine and George Grant / Paige E. Hochschild -- Rethinking gluttony and its remedies / Chris Killheffer -- Establishing an I-thou relationship between Creator and creature / David Vincent Meconi, SJ -- The liturgical theology of the participation of creation in the sacred triduum / Esther Mary Nickel, RSM.
526 _aSEG42
526 _aSEG41
526 _aSEG40
526 _aSEG39
526 _aP94
526 _aP87
526 _aP86
526 _aP85
526 _aP77
526 _aP76
526 _aP35
650 0 7 _aCreación.
650 0 7 _aTeología, Doctrinal.
_2fast
_0(OCoLC) fst01149617
_93091
700 1 _aMeconi, David Vincent,
_eeditor.
910 _ajck
_bjvq
_cjck
_d20170124.
942 _2ddc
_cBOOK
949 _a231.765 O5
_wDEWEY
_c1
_i75586
_lCATALOGING
_mBUL
_p24.00
_r0
_sY
_tBOOK
_u2017-01-24
_xTEOLOGIA
_zPOSGRADO TEOLOGÍA
_0COMPRA
_o.CIRCNOTE. El documento es de alto precio.
_o.STAFF. Colección Teología
596 _a1
999 _a231.765 O5
_wLC
_c15153
_i75586
_d15153
_f2021-11-9
_g5
_lCCODEBUL1
_mBUL
_p24.00
_q1
_r0
_sY
_tBOOK
_u2017-1-24
_xTEOLOGIA
_PP85
_0COMPRA
_o.STAFF. Colección Teología
980 _81
_gALBERTO SANCHEZ Responsable de Automatización